000 00718cam a22002413a 4500
001 31715
003 PGUSA
005 20140828083703.0
008 100321s2010||||xxu|||||s|||||000 1 eng d
040 _aPGUSA
_beng
042 _adc
050 4 _aPS
100 1 _aBarr, Robert,
_d1850-1912
245 1 2 _aA Prince of Good Fellows
_h[electronic resource] /
_cRobert Barr
260 _bProject Gutenberg,
_c2010
506 _aPublic domain in the USA.
516 _aElectronic text
653 _aJames V, King of Scotland, 1512-1542 -- Fiction
700 1 _aSullivan, Edmund J.
_q(Edmund Joseph),
_d1869-1933
830 0 _aProject Gutenberg
_v31715
856 4 0 _uhttp://www.gutenberg.org/ebooks/31715
942 _cEB
999 _c260970
_d260970